000 00458nam a2200181Ia 4500
003 OSt
005 20240326123444.0
008 210210b1933 xxu||||| |||| 00| 0 eng d
040 _cAL
041 _aeng
082 _a954/323
100 _aPRASAD (Ishwari)
_9156965
245 _aShort history of Muslim rule in India
260 _aAllahabad
_bThe Indian Press Pvt Ltd.,
_c1933
690 _aIndian History
_9156973
906 _a026083
942 _2ddc
_cBK
999 _c152020
_d152020